Statistics for Julie Christie Filmography

Click here to take the quiz!

General Stats

  • This quiz has been taken 6 times
    (3 since last reset)
  • The average score is 5 of 73

Answer Stats

TypeYearName% Correct
Film1965Darling
67%
Film1971The Go-Between
67%
TV Mini-Series1961A for Andromeda
33%
Film1963Billy Liar
33%
Film1965Doctor Zhivago
33%
Film1967Far from the Madding Crowd
33%
Film2004Harry Potter and the Prisoner of Azkaban
33%
Film1978Heaven Can Wait
33%
Film1968Petulia
33%
Film1975Shampoo
33%
Film1962The Fast Lady
33%
Film1982The Return of the Soldier
33%
TV Show1963The Saint
33%
Film2004Troy
33%
Film1997Afterglow
0%
Short Documentary1987Agent Orange: Policy of Poison
0%
Documentary2004A Letter to True
0%
Short Documentary1986Ave Maria
0%
Film2006Away from Her
0%
Film2001Belphegor, Phantom of the Louvre
0%
Theater1963Between These Four Walls
0%
TV Show1961Call Oxbridge 2000
0%
Film1989Champagne Amer
0%
Theater2007Circles from the Heart
0%
Theater1963Colombe
0%
Film1962Crooks Anonymous
0%
Documentary2005Cycle of Peace
0%
TV Film1988Dadah Is Death
0%
Film1977Demon Seed
0%
Film1973Don't Look Now
0%
Film1996DragonHeart
0%
Film1966Fahrenheit 451
0%
TV Mini-Series1986Fathers and Sons: A German Tragedy
0%
Film2004Finding Neverland
0%
Film1990Fools of Fortune
0%
Commercial1972Foster Grant Sunglasses
0%
Documentary2005Garbo
0%
Film2009Glorious 39
0%
Film1996Hamlet
0%
Film1983Heat and Dust
0%
Film2002I'm with Lucy
0%
Film1969In Search of Gregory
0%
TV Show1963ITV Play of the Week
0%
TV Mini-Series1996Karaoke
0%
TV Documentary1992Katie and Eilish: Siamese Twins
0%
Film1971McCabe & Mrs. Miller
0%
Film1981Memoirs of a Survivor
0%
Film1986Miss Mary
0%
Film1975Nashville
0%
Film2008New York, I Love You
0%
Theater1963Next Time I'll Sing to You
0%
Film2001No Such Thing
0%
Theater1995Old Times
0%
Film1986Power
0%
Film2011Red Riding Hood
0%
TV Film1983Separate Tables
0%
Film2002Snapshots
0%
Theater1997Suzanna Andler
0%
Theater1963Thark
0%
TV Show1962The Andromeda Breakthrough
0%
Documentary1981The Animals Film
0%
Film2017The Bookshop
0%
Theater1964The Comedy of Errors
0%
Film2012The Company You Keep
0%
Theater1963The Country Wife
0%
Film1983The Gold Diggers
0%
Theater1963The Good Person of Sichuan
0%
Film1999The Miracle Maker
0%
Film1992The Railway Station Man
0%
Film1982The Roaring Forties
0%
Film2005The Secret Life of Words
0%
Theater1973Uncle Vanya
0%
Film1965Young Cassidy
0%

Score Distribution

Percentile by Number Answered

Percent of People with Each Score

Your Score History

You have not taken this quiz since the last reset